| Art - Music/Opera | 3 | 10.00 | 67% | 0% | 33% |
| Art - Other | 2 | 5.00 | 0% | 50% | 0% |
| Art - Painting/Sculpture | 5 | 12.00 | 40% | 20% | 60% |
| Art - Visual | 1 | 30.00 | 100% | 100% | 100% |
| Current Events/Modern World - Mixed/Any | 1 | 20.00 | 100% | 0% | 100% |
| Current Events/Modern World - Rest of world social | 1 | 20.00 | 100% | 0% | 100% |
| Geography - Europe | 1 | 10.00 | 0% | 0% | 100% |
| Geography - Non-U.S. Americas | 1 | 20.00 | 0% | 100% | 100% |
| History - American | 4 | 7.50 | 75% | 0% | 0% |
| History - European | 5 | 8.00 | 40% | 40% | 0% |
| History - Other | 8 | 12.50 | 13% | 63% | 50% |
| History - World | 6 | 15.00 | 17% | 50% | 83% |
| Literature - American any | 2 | 15.00 | 0% | 100% | 50% |
| Literature - American long fiction | 2 | 10.00 | 0% | 0% | 100% |
| Literature - American poetry | 2 | 20.00 | 50% | 100% | 50% |
| Literature - British any | 1 | 20.00 | 100% | 100% | 0% |
| Literature - British drama | 1 | 10.00 | 0% | 100% | 0% |
| Literature - British long fiction | 2 | 5.00 | 50% | 0% | 0% |
| Literature - British poetry | 1 | 20.00 | 100% | 100% | 0% |
| Literature - European any | 1 | 10.00 | 0% | 100% | 0% |
| Literature - European drama | 2 | 15.00 | 50% | 100% | 0% |
| Literature - European long fiction | 5 | 8.00 | 0% | 60% | 20% |
| Literature - World/Misc any | 2 | 5.00 | 50% | 0% | 0% |
| Literature - World/Misc long fiction | 2 | 25.00 | 100% | 100% | 50% |
| Literature - World/Misc poetry | 2 | 10.00 | 50% | 50% | 0% |
| Mythology - Egyptian | 1 | 10.00 | 100% | 0% | 0% |
| Mythology - Greco/Roman | 1 | 20.00 | 100% | 0% | 100% |
| Mythology - Hindu | 1 | 20.00 | 0% | 100% | 100% |
| Mythology - Mixed/Any | 1 | 20.00 | 100% | 100% | 0% |
| Other Academic/Cross-Category - Any | 3 | 3.33 | 0% | 0% | 33% |
| Philosophy - 20th century | 1 | 10.00 | 0% | 0% | 100% |
| Philosophy - Ancient | 1 | 10.00 | 100% | 0% | 0% |
| Philosophy - Mixed/Any | 1 | 10.00 | 0% | 0% | 100% |
| Philosophy - Pre-20th | 1 | 10.00 | 0% | 0% | 100% |
| Religion - Buddhism | 1 | 20.00 | 0% | 100% | 100% |
| Religion - Christianity/Judaism | 1 | 20.00 | 100% | 100% | 0% |
| Religion - Hinduism | 1 | 10.00 | 0% | 0% | 100% |
| Religion - Islam | 1 | 10.00 | 0% | 0% | 100% |
| Religion - Mixed/Any | 2 | 10.00 | 50% | 50% | 0% |
| Science - Biology | 3 | 13.33 | 33% | 33% | 67% |
| Science - Chemistry | 5 | 10.00 | 0% | 20% | 80% |
| Science - Earth | 2 | 15.00 | 50% | 50% | 50% |
| Science - Other | 1 | 10.00 | 100% | 0% | 0% |
| Science - Other/CL/Misc | 1 | 30.00 | 100% | 100% | 100% |
| Science - Physics | 4 | 10.00 | 75% | 0% | 25% |
| Social Science - Economics | 2 | 10.00 | 50% | 50% | 0% |
| Social Science - Law | 1 | 20.00 | 100% | 100% | 0% |
| Social Science - Linguistics | 1 | 10.00 | 0% | 100% | 0% |
| Social Science - Mixed/Any | 1 | 20.00 | 0% | 100% | 100% |
| Social Science - Psychology | 1 | 10.00 | 0% | 0% | 100% |
| Social Science - Sociology | 1 | 10.00 | 0% | 0% | 100% |